000 00501nam a2200181Ia 4500
001 7366
005 20260306160450.0
008 260306t2016||||xx |||||||||||||| ||spa||
041 _aESP
082 _a338.7
_bG37 Nº 54
100 _aMendiola, Alfredo
_eAUT
245 0 _aEstructura alternativa de financiamiento de medianas empresas a través del mercado de valores peruano
260 _c2016
300 _a175 páginas :
_c24 cm.
650 _aGEN
654 _aCAN
942 _cLIB
_dJUS
_fJUS
_2ddc
_n
999 _c7366
_d7366